000 00343nam a2200133Ia 4500
005 20251222140027.0
008 251222s1900||||xx |||||||||||||| ||spa||
020 _a9786034513013
082 _a172/E87
100 _aEspinosa de Rivero, Óscar
245 0 _aCartas de Navegación:
264 _bUniversidad Antonio Ruiz de Montoya
942 _cLIB
999 _c2840
_d2840